Cities By Shows - Statistics

General Stats
  • This quiz has been taken 15 times
    14 since last reset
  • The average score is 4 of 10
Answer Stats
Show City % Correct
Grey's Anatomy Seattle
89%
Friends New York City
78%
The Walking Dead Atlanta
56%
Two Broke Girls Brooklyn
33%
Good Luck Charlie Denver
33%
Glee Lima
33%
Parenthood San Francisco
22%
Bones Key West
11%
Army Wives North Charleston
11%
Brothers and Sisters Pasadena
11%
No matching quizzes found
Score Distribution
Percent of People with Each Score
Percentile by Number Answered
Your Score History
You have not taken this quiz since the last reset